Statistiken für Top 15 Länder mit Covid-19-Todesfällen - 15. Dezember 2021

Klicken Sie hier um das Quiz zu spielen!

Allgemein

  • Dieses Quiz wurde 12 mal gespielt
  • Das Durchschnittsergebnis liegt bei 13 aus 27

Antwortstatistiken

Land% Korrekt
Deutschland
91%
Italien
91%
Vereinigte Staaten
91%
Frankreich
73%
Indien
73%
Russland
73%
Argentinien
64%
Brasilien
64%
Mexiko
64%
Vereinigtes Königreich
64%
Indonesien
45%
Kolumbien
45%
Peru
45%
Ukraine
45%
Ungarn
45%
Iran
36%
Rumänien
36%
Slowakei
36%
Slowenien
36%
Tschechien
36%
Bosnien und Herzegowina
27%
Bulgarien
27%
Georgien
27%
Kroatien
27%
Armenien
18%
Litauen
18%
Nordmazedonien
18%

Verteilung der Resultate

Perzentil nach korrekt beantworteten Fragen

Anzahl Personen mit jedem Resultat

Ihre Resultats-Entwicklung

Sie haben dieses Quiz noch nicht gespielt